Recovery - recessions past and present (Record no. 82502)

MARC details
000 -LEADER
fixed length control field 00974cam a22001935a 4500
001 - CONTROL NUMBER
control field L150423
008 - FIXED-LENGTH DATA ELEMENTS--GENERAL INFORMATION
fixed length control field 100713e2010 xxk 000 0 eng d
035 ## - SYSTEM CONTROL NUMBER
System control number (Sirsi) u150423
041 0# - LANGUAGE CODE
Language code of text/sound track or separate title eng
100 1# - MAIN ENTRY--PERSONAL NAME
Personal name Hipwell, Deidre
245 00 - TITLE STATEMENT
Title Recovery - recessions past and present
260 ## - PUBLICATION, DISTRIBUTION, ETC.
Date of publication, distribution, etc. 2010
490 ## - SERIES STATEMENT
Series statement Property Week
Volume/sequential designation 76(27) 9 July 2010, 18-19(2)
520 ## - SUMMARY, ETC.
Summary, etc. BNP Paribas Real Estate in its July 2010 report (see L150471) compares past recessions for direction on the latest, predicting the state of the commercial property market in 2012 and beyond and suggesting that banks take a harder look at their loan books. Article also focuses briefly on two earlier recessionary periods: the 1970s: sterling float and oil crisis causing 24% inflation; the 1990s: boom leading to huge commercial property oversupply.
590 ## - LOCAL NOTE (RLIN)
Local note KA
651 #4 - SUBJECT ADDED ENTRY--GEOGRAPHIC NAME
Geographic name United Kingdom
Chronological subdivision
690 ## - LOCAL SUBJECT ADDED ENTRY--TOPICAL TERM (OCLC, RLIN)
Topical term or geographic name as entry element PROPERTY-COMMERCIAL PROPERTY-COMMERCIAL PROPERTY FINANCE AND INVESTMENT
942 ## - ADDED ENTRY ELEMENTS (KOHA)
Suppress in OPAC 0
Holdings
Withdrawn status Lost status Source of classification or shelving scheme Damaged status Not for loan Home library Current library Shelving location Date acquired Total Checkouts Full call number Barcode Date last seen Copy number Price effective from Koha item type
    Dewey Decimal Classification     London London Journal article 13/07/2010   L150423 150423-1001 06/08/2019 1 06/08/2019 Journal article